Pairs #35 (TV Edition) - Statistics

General Stats
  • This quiz has been taken 152 times
  • The average score is 13 of 25
Answer Stats
Hint Extra Hint Explanation Answer % Correct
Fire partial title Fire and Ice: The Dragon Chronicles. A TV fantasy action film starring Amy Acker and Tom Wisdom (Sci Fi, 2008). Ice
95%
The Bold title The Bold and the Beautiful. A U.S. soap opera, created as a sister show to The Young and the Restless (CBS, 1987-present). the Beautiful
93%
Him title Him & Her. British sitcom starring Russell Tovey as Steve (Him) and Sarah Solemani as Becky (Her). (BBC Three; BBC HD, 2010-2013). Her
92%
Chip characters Chip and Dale. Disney characters (anthropomorphic chipmunks), created in 1943, who starred in Chip 'n Dale: Rescue Rangers (The Disney Channel, 1989). Dale
89%
Parks title Parks and Recreation. U.S. sitcom starring Amy Poehler (NBC, 2008-2015). Recreation
88%
Bert characters Bert and Ernie. Two Muppet characters that frequently appeared together in skits on Sesame Street (NET, 1969-1970; PBS, 1970-present; HBO, 2016-2020; Max, 2020-present). Ernie
84%
Rick title Rick and Morty. A U.S. adult animated science fiction sitcom about the intergalactic adventures of mad scientist Rick Sanchez and his grandson, Morty Smith (Adult Swim, 2013-present). Morty
77%
Laverne title Laverne & Shirley. Laverne DeFazio and Shirley Feeney (played by Penny Marshall and Cindy Williams), title characters, best friends and roommates in the Happy Days spin-off. (ABC, 1976-1983). Shirley
73%
Joanie characters Joanie and Chachi. The main characters (played by Erin Moran and Scott Baio) in Joanie Loves Chachi (ABC, 1982-1983), a spin-off of Happy Days. Chachi
63%
Niles characters Niles and Daphne. Niles Crain and Daphne Moon (played by David Hyde Pierce and Jane Leeves), eventual spouses on Frasier (NBC, 1993-2004). Daphne
60%
Gumby characters Gumby and Pokey. Characters in a franchise that gained wide recognition as a result of the stop motion clay animation show The Gumby Show (1956-1969). Pokey
57%
Meredith characters Meredith and Derek. Surgeon Meredith Grey (played by Ellen Pompeo) and her husband, neurosurgeon Derek Shepherd (Patrick Dempsey) on Grey’s Anatomy (ABC, 2005-present). Derek
55%
Kath title Kath & Kim. A U.S. sitcom starring Molly Shannon and Selma Blair, adapted from the more successful Australian sitcom of the same name (NBC, 2008-2009). Kim
47%
Bill Gannon characters Bill Gannon and Joe Friday. Los Angeles detectives played by Harry Morgan and Jack Webb in Dragnet (NBC, 1967-1970). Joe Friday
43%
Wally characters Wally and the Beaver. The Cleaver brothers, Wally and Theodore (played by Tony Dow and Jerry Mathers) on Leave It to Beaver (ABC, 1958-1963). the Beaver
43%
Samantha characters Samantha and Darrin. Witch Samantha Stephens and her human husband, Darrin (played by Elizabeth Montgomery and Dick York/Dick Sargent) in Bewitched (ABC,1964-1972). Darrin
41%
Archie characters Archie and Edith. The Bunkers, played by Carroll O’Connor and Jean Stapleton, from All in the Family (CBS, 1971-1979). Edith
37%
Barney characters Barney and Robin. Barney Stinson, womanizing playboy (played by Neil Patrick Harris) and Robin Scherbatsky, Canadian news reporter (played by Cobie Smulders), a “will they?/won’t they?” pair from How I Met Your Mother (CBS, 2005-2019). Robin
36%
Dylan characters Dylan and Brenda. Sometime lovers Dylan McKay (played by Luke Perry) and Brenda Walsh (Shannen Doherty) in Beverly Hills, 90210 (Fox, 1990-2000). Brenda
35%
Doug characters Doug and Carrie. The Heffernans, played by Kevin James and Leah Rimini, from The King of Queens (CBS, 1997-2007). Carrie
33%
Finn characters Finn and Rachel. Finn Hudson and Rachel Berry (played by Cory Monteith and Lea Michele), on-again-off-again couple in Glee (Fox, 2009-2015) until Monteith’s death in 2013. Rachel
27%
Magic title Magic & Bird: A Courtship of Rivals. A 2010 television documentary film broadcast on HBO about the rivalry between NBA greats Magic Johnson and Larry Bird. Bird
24%
Joey characters Joey and Pacey. Sometime significant others Josephine “Joey” Potter and Pacey John Witter (played by Katie Holmes and Joshua Jackson) in Dawson’s Creek (The WB, 1998-2003). Pacey
17%
Christopher characters Christopher and Adriana. Mobster Christopher Moltisanti and his girlfriend, Adriana La Cerva (played by Michael Imperioli and Drea de Matteo) on The Sopranos (HBO, 1999-2007). Adriana
15%
Gaspard title Gaspard and Lisa. A French-American-British animated series aimed at children. Canal+ Family (France); CITV (UK), 2011-2013. Lisa
9%
No matching quizzes found
Score Distribution
Percent of People with Each Score
Percentile by Number Answered
Your Score History
You have not taken this quiz